ბათუმის შოთა რუსთაველის სახელმწიფო უნივერსიტეტის ბიბლიოთეკა

ვანადიუმის ინტრანაზალური ელექტროფორეზით მკურნალობის ზეგავლენა ალერგიული რინიტის პათოფილიოლოგიურ მექანიზმებზე : დისერტაცია / (ბიბ.ჩანაწერი № 55452)

000 -ლიდერი
ფიქსირებული სიგრძის საკონტროლო ველი 01794nam a2200253Ia 4500
001 - საკონტროლო ნომერი
საკონტროლო ველი 22534
003 - საკონტროლო ნომრის იდენტიფიკატორი
საკონტროლო ველი GE_BSU
005 - ბოლო ოპერაციის თარიღი და დრო
საკონტროლო ველი 20220920100609.0
008 - ფიქსირებული სიგრძის მონაცემთა ელემენტები - ზოგადი ინფორმაცია
ფიქსირებული სიგრძის საკონტროლო ველი 181216s2013||||ge |||||||||||||| ||geo||
040 ## - კატალოგიზაციის წყარო
Transcribing agency GE_BSU
041 ## - ენის კოდი
Language code of text/sound track or separate title geo
080 ## - უნივერსალური ათობითი კლასიფიკაციის ინდექსი
Universal Decimal Classification number 61 წ-54
100 ## - მთავარი ჩანაწერი - პიროვნების სახელი
Personal name წიკლაური, შორენა
9 (RLIN) 11642
245 ## - ცნობა სათაურის შესახებ
Title ვანადიუმის ინტრანაზალური ელექტროფორეზით მკურნალობის ზეგავლენა ალერგიული რინიტის პათოფილიოლოგიურ მექანიზმებზე : დისერტაცია /
Statement of responsibility, etc შორენა წიკლაური; სამეცნიერო ხელმძღვანელი ნ. სააკაშვილი, გ. ბექაია; თბილისის სახელმწიფო სამედიცინო უნივერსიტეტი.
264 ## - წარმოების, გამოცემის, დისტრიბუციის და სხვა ცნობები
გამოცემის, წარმოების, დისტრიბუციის... ადგილი თბილისი,
გამოცემის, წარმოების, დისტრიბუციის... თარიღი 2013.
300 ## - ფიზიკური აღწერა
Extent 242 გვ. ;
Other physical details 23 სმ.
504 ## - BIBLIOGRAPHY, ETC. NOTE
Bibliography, etc ბიბლ. გვ. 215-230
653 ## - INDEX TERM--UNCONTROLLED
Uncontrolled term ვანადიუმის ინტრანაზალური ელექტროფორეზით მკურნალობის ზეგავლენა ალერგიული რინიტის პათოფილიოლოგიურ მექანიზმებზე
653 ## - INDEX TERM--UNCONTROLLED
Uncontrolled term მედიცინა
653 ## - INDEX TERM--UNCONTROLLED
Uncontrolled term დისერტაცია
700 ## - ADDED ENTRY--PERSONAL NAME
Personal name სააკაშვილი, ნ.
Relator term სამეცნიერო ხელმძღვანელი
9 (RLIN) 11643
700 ## - ADDED ENTRY--PERSONAL NAME
Personal name ბექაია, გ.
Relator term სამეცნიერო ხელმძღვანელი
9 (RLIN) 11644
942 ## - ADDED ENTRY ELEMENTS (KOHA)
Koha item type წიგნი
Source of classification or shelving scheme
ეგზემპლარები
ჩამოწერის სტატუსი დაკარგული ეგზემპლარის სტატუსი კლასიფიკაციის წყარო ან თაროზე გაწყობის სქემა დაზიანების სტატუსი არ გაიცემა მუდმივი მდებარეობა (დაცვის ადგილი) ამჟამინდელი ადგილსამყოფელი შეძენის თარიღი სრული შენახვის შიფრი შტრიხკოდი ბოლო ოპერაციის თარიღი ეგზემპლარის მიმდევრობითი ნომერი (კეტერი?) ფასის ძალაში შესვლის თარიღი ეგზემპლარის სახეობა საჯარო შენიშვნა
        შიდა ფონდი ბათუმის შოთა რუსთაველის სახელმწიფო უნივერსიტეტის მთავარი ბიბლიოთეკა ბათუმის შოთა რუსთაველის სახელმწიფო უნივერსიტეტის მთავარი ბიბლიოთეკა 2018-12-17 61 წ-54 119 დისერტ 2018-12-17 119 2018-12-17 დისერტაცია